Ensayos literarios

Bibliographic Details
Main Author: López, Matilde Elena
Format: Section = Libro
Language:Undetermined
Spanish
Published: Salvador [s.e.] 1998
Subjects:
LEADER 00476nam a2200193Ia 4500
008 240830s9999 xx 000 0 und d
020 |a 99923-0-008-6 
040 |a B-ESTELÍ- RUACS / 864.44 L864 
041 |a spa 
082 |a 864.44 L864 
100 1 |a López, Matilde Elena 
245 1 0 |a Ensayos literarios 
260 |a Salvador  |b [s.e.]  |c 1998 
300 |a 156 p. 
650 7 |a Ensayos salvadoreños 
650 7 |b  Literatura 
942 |c BK  |2 ddc 
991 |a TEXTO 
999 |c 11651